ARRUPE JESUIT UNIVERSITY

CORONAVIRUS -STOP THE SPREAD - CLEAN,DISINFECT,COVER

Seeking and finding God in all things (Record no. 23004)

MARC details
000 -LEADER
fixed length control field 00488nam a2200193Ia 4500
003 - CONTROL NUMBER IDENTIFIER
control field 0100
008 - FIXED-LENGTH DATA ELEMENTS--GENERAL INFORMATION
fixed length control field 130303s9999 xx 000 0 und d
040 ## - CATALOGING SOURCE
Transcribing agency ARRUPELIB
050 ## - LIBRARY OF CONGRESS CALL NUMBER
Classification number BX2200.M46
100 ## - MAIN ENTRY--PERSONAL NAME
Personal name Mejia, Rodrigo
245 ## - TITLE STATEMENT
Title Seeking and finding God in all things
260 ## - PUBLICATION, DISTRIBUTION, ETC. (IMPRINT)
Place of publication, distribution, etc Africa
260 ## - PUBLICATION, DISTRIBUTION, ETC. (IMPRINT)
Name of publisher, distributor, etc St. Paul Publications
260 ## - PUBLICATION, DISTRIBUTION, ETC. (IMPRINT)
-- 1986
650 ## - SUBJECT ADDED ENTRY--TOPICAL TERM
Topical term following geographic name as entry element Sex Roles -- Psychological aspects
650 ## - SUBJECT ADDED ENTRY--TOPICAL TERM
Location of event Identification (psychology)
700 ## - ADDED ENTRY--PERSONAL NAME
Personal name Rodrigo Mejia
942 00 - ADDED ENTRY ELEMENTS (KOHA)
Koha issues (borrowed), all copies 1
Holdings
Withdrawn status Lost status Source of classification or shelving scheme Damaged status Not for loan Collection code Home library Current library Shelving location Date acquired Total Checkouts Full call number Barcode Date last seen Date checked out Copy number Price effective from Koha item type
    Library of Congress Classification     Main Collection ARRUPE LIBRARY ARRUPE LIBRARY   04/03/2013 2 BX2200.M46 46003091768 22/11/2017 06/04/2016 1 04/03/2013 Monograph ( Printed materials)

 

Arrupe Library. PO Box MP320 Mt Pleasant, Harare, Zimbabwe
263 242 745411|librarian@aju.ac.zw